Dans quoi ces pays sont-ils les meilleurs ? - Statistiques

Statistiques générales
  • Ce quiz a été pris 1 332 fois
  • Le résultat moyen est 4 sur 12
Statistiques - réponses
Réponse Hint % Correct
{Population} Chine
98%
{Superficie} Russie
72%
{Nombre} {de} {francophones} France
47%
{Population} {musulmane} Indonésie
46%
{Densité} {de} {population} Monaco
40%
{Espérance} {de} {vie} {en} {bonne} {santé} Japon
27%
{Point} {le} {plus} {au} {sud} Chili
25%
{Consommation} {d'alcool} {annuelle} Moldavie
8%
{Production} {d'uranium} Kazakhstan
6%
{Nombre} {de} {Grand} {Chelem} {masculins} {de} {tennis} États-Unis
2%
{Classement} {FIFA} {féminin} Espagne
1%
{Pourcentage} {des} {utilisateurs} {JetPunk} États-Unis
1%
Aucun quiz correspondant
Distribution des résultats
% des personnes avec chaque résultat
Percentile par nombre de réponses
Votre historique - résultats
Vous n’avez pas pris ce quiz